« Parler est un besoin, écouter est un savoir » (notice n° 1591713)

détails MARC
000 -LEADER
fixed length control field 01209cam a2200241 4500500
005 - DATE AND TIME OF LATEST TRANSACTION
control field 20251228065528.0
041 ## - LANGUAGE CODE
Language code of text/sound track or separate title fre
042 ## - AUTHENTICATION CODE
Authentication code dc
100 10 - MAIN ENTRY--PERSONAL NAME
Personal name Renault, Vincent
Relator term author
245 00 - TITLE STATEMENT
Title « Parler est un besoin, écouter est un savoir »
260 ## - PUBLICATION, DISTRIBUTION, ETC.
Date of publication, distribution, etc. 2018.<br/>
500 ## - GENERAL NOTE
General note 75
520 ## - SUMMARY, ETC.
Summary, etc. Ce texte aborde l’actualité et les intérêts thérapeutiques de l’outil qu’est un groupe de parole en psychiatrie adulte. Nous y développons l’accueil spécifique de cette parole, avec le rapport au langage, singulier pour les sujets psychotiques. Nous souhaitons apporter notre contribution théorico-clinique et transmettre ce que cette expérience nous a apporté pour notre pratique professionnelle.
690 ## - LOCAL SUBJECT ADDED ENTRY--TOPICAL TERM (OCLC, RLIN)
Topical term or geographic name as entry element fonctionnement psychotique
690 ## - LOCAL SUBJECT ADDED ENTRY--TOPICAL TERM (OCLC, RLIN)
Topical term or geographic name as entry element fonctions thérapeutiques du groupe
690 ## - LOCAL SUBJECT ADDED ENTRY--TOPICAL TERM (OCLC, RLIN)
Topical term or geographic name as entry element groupe de parole
690 ## - LOCAL SUBJECT ADDED ENTRY--TOPICAL TERM (OCLC, RLIN)
Topical term or geographic name as entry element Hôpital de jour
690 ## - LOCAL SUBJECT ADDED ENTRY--TOPICAL TERM (OCLC, RLIN)
Topical term or geographic name as entry element psychiatrie adulte
700 10 - ADDED ENTRY--PERSONAL NAME
Personal name Morvan, Lauriane
Relator term author
700 10 - ADDED ENTRY--PERSONAL NAME
Personal name Marsil, Cassandre
Relator term author
786 0# - DATA SOURCE ENTRY
Note VST - Vie sociale et traitements | 140 | 4 | 2018-10-25 | p. 48-52 | 0396-8669
856 41 - ELECTRONIC LOCATION AND ACCESS
Uniform Resource Identifier <a href="https://shs.cairn.info/revue-vie-sociale-et-traitements-2018-4-page-48?lang=fr&redirect-ssocas=7080">https://shs.cairn.info/revue-vie-sociale-et-traitements-2018-4-page-48?lang=fr&redirect-ssocas=7080</a>

Pas d'exemplaire disponible.

PLUDOC

PLUDOC est la plateforme unique et centralisée de gestion des bibliothèques physiques et numériques de Guinée administré par le CEDUST. Elle est la plus grande base de données de ressources documentaires pour les Étudiants, Enseignants chercheurs et Chercheurs de Guinée.

Adresse

627 919 101/664 919 101

25 boulevard du commerce
Kaloum, Conakry, Guinée

Réseaux sociaux

Powered by Netsen Group @ 2025